Watch your step (Record no. 76716)

MARC details
000 -LEADER
fixed length control field 00962cab a2200193 4500
001 - CONTROL NUMBER
control field ##L132958
008 - FIXED-LENGTH DATA ELEMENTS--GENERAL INFORMATION
fixed length control field 060327n2006 000 0 eng u
035 ## - SYSTEM CONTROL NUMBER
System control number (Sirsi) u132958
041 0# - LANGUAGE CODE
Language code of text/sound track or separate title eng
100 1# - MAIN ENTRY--PERSONAL NAME
Personal name Baker, Anthony
245 00 - TITLE STATEMENT
Title Watch your step
260 ## - PUBLICATION, DISTRIBUTION, ETC.
Date of publication, distribution, etc. 2006
490 #0 - SERIES STATEMENT
Series statement RICS Building Surveying Faculty The Journal
Volume/sequential designation March/April 2006, 18-19(2)
520 ## - SUMMARY, ETC.
Summary, etc. Looks at the implications for surveyors and property managers of the Work at Height Regulations 2005. Surveyors and other professionals who undertake property inspections are likely to be faced with a situation where they are required to work at height, and must give proper consideration to avoid placing themselves or contractors at risk of falls. Property managers must also have adequate procedures in place to manage risks arising from working at height.
590 ## - LOCAL NOTE (RLIN)
Local note IKA280306
650 24 - SUBJECT ADDED ENTRY--TOPICAL TERM
Topical term or geographic name entry element WORK AT HEIGHT REGULATIONS 2005
690 ## - LOCAL SUBJECT ADDED ENTRY--TOPICAL TERM (OCLC, RLIN)
Topical term or geographic name as entry element Health and safety
9 (RLIN) 6244
942 ## - ADDED ENTRY ELEMENTS (KOHA)
Suppress in OPAC 0
Holdings
Withdrawn status Lost status Source of classification or shelving scheme Damaged status Not for loan Home library Current library Shelving location Date acquired Total Checkouts Full call number Barcode Date last seen Copy number Price effective from Koha item type
    Dewey Decimal Classification     London London Journal article 27/03/2006   L132958 132958-1001 06/08/2019 1 06/08/2019 Journal article